Legislatívne zmeny v pracovnoprávnej oblasti od 1. 1. 2022

Minimálne mzdové nároky pre rok 2022. Mzdové príplatky pre rok 2022. Zmeny v stravovaní od 1. 1. 2022. Nový výpovedný dôvod podľa Zákonníka práce.

Salvato in:
Dettagli Bibliografici
Autore principale: Matlovičová, Iveta
Natura: Capitolo di libro
Lingua:slovacco
Soggetti:
Tags: Aggiungi Tag
Nessun Tag, puoi essere il primo ad aggiungerne!!

MARC

LEADER 00000naa a2200000 4500
001 0282007
005 20240417075154.0
041 0 |a slo 
044 |a SK 
245 1 0 |a Legislatívne zmeny v pracovnoprávnej oblasti od 1. 1. 2022  |c Iveta Matlovičová 
520 |a Minimálne mzdové nároky pre rok 2022. Mzdové príplatky pre rok 2022. Zmeny v stravovaní od 1. 1. 2022. Nový výpovedný dôvod podľa Zákonníka práce. 
610 2 0 |a právo pracovné 
610 2 0 |a zamestnanci 
610 2 0 |a zamestnávatelia 
610 2 0 |a účtovníctvo mzdové 
610 2 0 |a mzdy 
610 2 0 |a príplatky 
610 2 0 |a stravovanie zamestnancov 
610 2 0 |a skončenie pomeru pracovného 
610 2 0 |a legislatíva 
100 1 |a Matlovičová, Iveta